Loading...
| Literature - British Literature | 0 | 3 | 0 | 0 | 30 | 85 | 105.00 | 1 | 3 |
| Literature - American Literature | 1 | 1 | 1 | 0 | 20 | 52 | 95.50 | 0 | 2 |
| Social Science | 0 | 1 | 0 | 0 | 10 | 98 | 98.00 | 0 | 1 |
| Science - Biology | 0 | 1 | 0 | 0 | 10 | 92 | 92.00 | 1 | 1 |
| Science - Physics | 0 | 1 | 0 | 0 | 10 | 140 | 140.00 | 0 | 1 |
| Literature - World Literature | 0 | 1 | 0 | 0 | 10 | 97 | 97.00 | 0 | 1 |
| Visual Arts | 0 | 1 | 2 | 1 | 0 | 129 | 129.00 | 0 | 1 |
| History - Other History | 0 | 0 | 0 | 0 | 0 | 0.00 | 0 | 0 | |
| Literature - European Literature | 0 | 0 | 0 | 0 | 0 | 0.00 | 0 | 0 | |
| Philosophy | 0 | 0 | 1 | 0 | -5 | 0.00 | 0 | 0 | |
| Beliefs | 0 | 0 | 1 | 0 | -5 | 0.00 | 0 | 0 |